| 000 | 00399 a2200157 4500 | ||
|---|---|---|---|
| 999 |
_c5248 _d5248 |
||
| 003 | NUST | ||
| 020 | _a 969351310X | ||
| 038 | _aabc | ||
| 082 | _a821 | ||
| 100 |
_aRogers, Alexander. _929981 |
||
| 245 |
_aThe Shah-Namah of Fardusi _cAlexander Rogers |
||
| 260 |
_aLahore: _bSang-e-meel Publications, _c2002. |
||
| 300 |
_axv, 551 p. ; _c24 cm. |
||
| 650 |
_aPoetry. _929982 |
||
| 942 |
_cBK _k821 ROG _2ddc |
||